Inorganic thermochromism /

Bibliographic Details
Main Author: Sone, Kōzō, 1923-
Other Authors: Fukuda, Yutaka, 1943-
Format: Book
Language:English
Published: Berlin ; New York : Springer-Verlag, [1987]
Series:Inorganic chemistry concepts ; v. 10.
Subjects:

MARC

Tag First Indicator Second Indicator Subfields
LEADER 00000cam a2200000 a 4500
001 in00000008704
005 20151003080029.0
008 870325s1987 wb a b 00110 eng
010 |a  87009563  
020 |a 0387176624 (U.S.) 
035 |a (OCoLC)15520651 
035 |9 AAA1105AM 
040 |a DLC  |c DLC  |d TXA  |d UtOrBLW 
050 0 0 |a QD473  |b .S565 1987 
082 0 |a 541.3/6  |2 19 
100 1 |a Sone, Kōzō,  |d 1923- 
245 1 0 |a Inorganic thermochromism /  |c Kozo Sone, Yutaka Fukuda. 
264 1 |a Berlin ;  |a New York :  |b Springer-Verlag,  |c [1987] 
264 4 |c ©1987 
300 |a xi, 134 pages :  |b illustrations ;  |c 25 cm. 
336 |a text  |b txt  |2 rdacontent 
337 |a unmediated  |b n  |2 rdamedia 
338 |a volume  |b nc  |2 rdacarrier 
490 1 |a Inorganic chemistry concepts ;  |v v. 10 
504 |a Bibliography: pages 130-131. 
500 |a Includes index. 
650 0 |a Thermochromism. 
650 0 |a Coordination compounds. 
650 0 |a Chemistry, Inorganic. 
700 1 |a Fukuda, Yutaka,  |d 1943- 
830 0 |a Inorganic chemistry concepts ;  |v v. 10. 
999 |a MARS 
999 f f |s a33741ee-44e9-3da8-b2c1-f457e2be6d82  |i 5087a793-1bd4-3947-b042-77d026c2190a  |t 0 
952 f f |p ric  |a Texas A&M University  |b Rellis Campus  |c Joint Library Facility  |d Remote Storage  |t 0  |e QD473 .S565 1987  |h Library of Congress classification  |i unmediated -- volume  |m A14812618395 
998 f f |a QD473 .S565 1987  |t 0  |l Remote Storage